Encyclopedia of Electronic Components: Vol-1 (Record no. 10994)

MARC details
000 -LEADER
fixed length control field 00420nam a22001697a 4500
003 - CONTROL NUMBER IDENTIFIER
control field OSt
008 - FIXED-LENGTH DATA ELEMENTS--GENERAL INFORMATION
fixed length control field 210814b ||||| |||| 00| 0 eng d
020 ## - INTERNATIONAL STANDARD BOOK NUMBER
International Standard Book Number 9781449333898
082 ## - DEWEY DECIMAL CLASSIFICATION NUMBER
Classification number 324.54
Item number PLE
100 G# - MAIN ENTRY--PERSONAL NAME
Personal name PLATT, Charles
245 ## - TITLE STATEMENT
Title Encyclopedia of Electronic Components: Vol-1
250 ## - EDITION STATEMENT
Edition statement Rev 11th Ed
260 ## - PUBLICATION, DISTRIBUTION, ETC. (IMPRINT)
Place of publication, distribution, etc New Delhi
Name of publisher, distributor, etc Maker Media
Date of publication, distribution, etc 2019
300 ## - PHYSICAL DESCRIPTION
Extent 272
650 ## - SUBJECT ADDED ENTRY--TOPICAL TERM
Topical term or geographic name as entry element Encyclopedia
942 ## - ADDED ENTRY ELEMENTS (KOHA)
Source of classification or shelving scheme Dewey Decimal Classification
Koha item type Text Books
Holdings
Withdrawn status Lost status Source of classification or shelving scheme Damaged status Not for loan Collection code Home library Current library Date acquired Source of acquisition Currency Cost, normal purchase price Serial Enumeration / chronologySerial Enumeration / Volume No. Bill Number Total Checkouts Full call number Acc. no. / Barcode Date last seen Actual Cost, discounted price Bill Date Koha item type Public note
    Dewey Decimal Classification     GENERAL PIET C-LIBRARY PIET C-LIBRARY 28/09/2021 Kirti Prakashan IN Rupees 1786.00 Vol-1 IN-2594   324.54 PLE 33269 30/09/2021 1428.80 28/09/2021 Text Books Encyclopedia

Design & Developed by: PIET Central Library
R70 Miles Stone Pattikalyana Samalkha Panipat 132102
mail ID :- [email protected], Phone No:- 0180-2569700 Ex.216